| 000 | 00634nam a22001937a 4500 | ||
|---|---|---|---|
| 003 | OSt | ||
| 008 | 140307b xxu||||| |||| 00| 0 eng d | ||
| 100 | 1 | _aArnold, Abraham S. | |
| 041 | _aeng | ||
| 245 | 1 | 0 | _aPhilatelic foreign language guide, The |
| 246 | 1 | 0 | _aEssential information for deciphering foreign numerals and characters on postage stamps |
| 260 |
_aVerona, N.J. _bSociety of Philatelic Americans |
||
| 300 | _a40 pages | ||
| 650 | 0 | _aCollecting | |
| 650 | 0 | _aGuides and Handbooks | |
| 650 | 0 | _aDesigns -- Inscriptions and Lettering | |
| 650 | 0 | _aDictionaries and Encyclopedias | |
| 650 | 0 | _aTranslation Guides and Services | |
| 999 |
_c380 _d380 |
||